Statistiques concernant Autoroute Italiennes

Cliquez ici pour prendre le quiz!

Statistiques générales

  • Ce quiz a été pris 126 fois
  • Le résultat moyen est 54 sur 140

Statistiques - réponses

AutoroutesLongueur (Km)Départ% Correct
A1760Milan
95%
A7133Milan
95%
Milan
95%
A5832Milan
95%
A843Milan
95%
A3562Milan
95%
Turin
92%
A4517Turin
92%
A6124Turin
92%
A3272Turin
92%
A55 Branche23Turin
92%
RA1011Turin
92%
A5145Turin
92%
A5558Turin
92%
A21238Turin
92%
A5620Naples
90%
Naples
90%
A352Naples
90%
Naples
90%
A16172Naples
90%
Gênes
87%
A10159Gênes
87%
A12 Nord207Gênes
87%
A26197Gênes
87%
A9119Rome
80%
A9068Rome
80%
A12 Sud76Rome
80%
Rome
80%
A24167Rome
80%
A5727Venise
72%
A14744Bologne
71%
A13113Bologne
71%
RA356Florence
65%
A1182Florence
65%
Trieste
65%
Trieste
65%
Côme
61%
Palerme
61%
A29115Palerme
61%
Vintimille
57%
A19199Catane
54%
Pise
52%
A15102Parme
51%
Padoue
47%
A2442Salerne
47%
Salerne
47%
Salerne
47%
A20181Messine
44%
A18180Messine
44%
Pescara
42%
Pescara
42%
Tunnel du Mont Blanc
41%
Modène
39%
Savone
38%
Tunnel du Fréjus
38%
Brescia
37%
Brescia
37%
La Spezia
35%
Livourne
34%
A22314Col du Brenner
32%
A599Côme
32%
Côme
32%
A23120Tarvisio
32%
Varèse
32%
Varèse
32%
A604Varèse
32%
Gorizia
30%
Tarente
30%
Fernetti
28%
Reggio de Calabre
27%
Gravellona Toce
22%
RA653A1
20%
A5131A1
20%
A21/A1 Diramazione11A1
20%
A1
20%
RA550A2
20%
RA222A2/A30
20%
A3417A4
20%
A4
20%
RA1321A4
20%
A4/A26 Diramazione31A4
20%
A4/A5 Diramazione26A4
20%
A4
20%
A5
20%
A7/A26 Diramazione17A7
20%
A53 (RA7)9A7
20%
A8/A26 Diramazione23A8
20%
A932A8
20%
A5031A8
20%
A3621A8
20%
A3055Caserte
20%
A2844Portogruaro
20%
A11/A12 Diramazione19A11
19%
A12
19%
A3355Asti
19%
Belluno
19%
Coni
19%
Sienne
19%
Trapani
19%
A14
18%
RA1126A14
18%
A19
18%
A21
18%
A26
18%
A26
18%
A26
18%
Pérouse
18%
RA913A16
16%
A25115A24
16%
RA849A13
15%
Conegliano
15%
Avellino
14%
Rome Aéroport
14%
SPV (Superstrada Pedemontana Veneta)95A27
13%
A29 Diramazione37A29
13%
A50
11%
Bénévent
11%
Civitavecchia
11%
Teramo
11%
A5213A51
10%
Pavie
10%
Pavie
10%
A548Pavie
10%
RA1211Chieti
9%
Potenza
8%
RA142RA13
6%
Mazara del Vallo
5%
Mestre
5%
A2783Mestre
5%
Ascoli Piceno
4%
A3183Badia Polesine
4%
Pignerol
4%
A29A Diramazione13A29 Diramazione
3%
Aéroport de Trapani
3%
Caselle Torinese
1%
Lentate sul Seveso
1%
Piovene Rocchete
1%
Porto Garibaldi
1%
Rossolini
1%
Usmate Velate
1%

Distribution des résultats

Percentile par nombre de réponses

% des personnes avec chaque résultat

Votre développement - résultats

Vous n’avez pas pris ce quiz